Hope for Freedom - all lyrics - Statistics

General Stats
  • This quiz has been taken 4 times
  • The average score is 11 of 24
Answer Stats
Answer % Correct
in
100%
you
100%
and
67%
and
67%
is
67%
is
67%
your
67%
agony
33%
Bart
33%
Cheers
33%
final
33%
forever
33%
hearts
33%
here
33%
last
33%
moment
33%
Nicola
33%
our
33%
rest
33%
that
33%
the
33%
to
33%
triumph
33%
yours
33%
No matching quizzes found
Score Distribution
Percent of People with Each Score
Percentile by Number Answered
Your Score History
You have not taken this quiz